<?xml version="1.0" encoding="UTF-8"?>
<record
    xmlns:xsi="http://www.w3.org/2001/XMLSchema-instance"
    xsi:schemaLocation="http://www.loc.gov/MARC21/slim http://www.loc.gov/standards/marcxml/schema/MARC21slim.xsd"
    xmlns="http://www.loc.gov/MARC21/slim">

  <leader>00532nam a22001697a 4500</leader>
  <controlfield tag="005">20240809100119.0</controlfield>
  <controlfield tag="008">240809b        |||||||| |||| 00| 0 eng d</controlfield>
  <datafield tag="020" ind1=" " ind2=" ">
    <subfield code="a">9780409117936</subfield>
  </datafield>
  <datafield tag="041" ind1=" " ind2=" ">
    <subfield code="a">English</subfield>
  </datafield>
  <datafield tag="082" ind1=" " ind2=" ">
    <subfield code="a">349 SOU</subfield>
  </datafield>
  <datafield tag="100" ind1=" " ind2=" ">
    <subfield code="l">English</subfield>
  </datafield>
  <datafield tag="245" ind1=" " ind2=" ">
    <subfield code="a">Butterworths Consolidated Index and Noter-Up to the South African Law Reports 1947-2008</subfield>
  </datafield>
  <datafield tag="260" ind1=" " ind2=" ">
    <subfield code="a">Durban: </subfield>
    <subfield code="b">Butterworth LexisNexis, </subfield>
    <subfield code="c">2009 </subfield>
  </datafield>
  <datafield tag="300" ind1=" " ind2=" ">
    <subfield code="b">ix, 1039 pages; </subfield>
    <subfield code="c">25 cm. </subfield>
  </datafield>
  <datafield tag="650" ind1=" " ind2=" ">
    <subfield code="a">Legal practice </subfield>
    <subfield code="b">Law</subfield>
  </datafield>
  <datafield tag="942" ind1=" " ind2=" ">
    <subfield code="c">BK</subfield>
    <subfield code="6">ALISON_BN_VRIES</subfield>
  </datafield>
  <datafield tag="999" ind1=" " ind2=" ">
    <subfield code="c">2545</subfield>
    <subfield code="d">2545</subfield>
  </datafield>
  <datafield tag="952" ind1=" " ind2=" ">
    <subfield code="0">0</subfield>
    <subfield code="1">0</subfield>
    <subfield code="2">ddc</subfield>
    <subfield code="3">Volume 1: 1947-2008</subfield>
    <subfield code="4">0</subfield>
    <subfield code="6">349_000000000000000_SOU</subfield>
    <subfield code="7">0</subfield>
    <subfield code="8">SOUTH AFRICAN LAW REPORTS</subfield>
    <subfield code="9">5168</subfield>
    <subfield code="a">LSN</subfield>
    <subfield code="b">LSN</subfield>
    <subfield code="c">SLR</subfield>
    <subfield code="d">2024-08-09</subfield>
    <subfield code="l">0</subfield>
    <subfield code="o">349 SOU</subfield>
    <subfield code="p">LSN/2023/3606</subfield>
    <subfield code="r">2024-08-09 00:00:00</subfield>
    <subfield code="w">2024-08-09</subfield>
    <subfield code="y">BK</subfield>
  </datafield>
  <datafield tag="952" ind1=" " ind2=" ">
    <subfield code="0">0</subfield>
    <subfield code="1">0</subfield>
    <subfield code="2">ddc</subfield>
    <subfield code="3">Volume 2: 1947-2008</subfield>
    <subfield code="4">0</subfield>
    <subfield code="6">349_000000000000000_SOU</subfield>
    <subfield code="7">0</subfield>
    <subfield code="8">SOUTH AFRICAN LAW REPORTS</subfield>
    <subfield code="9">5169</subfield>
    <subfield code="a">LSN</subfield>
    <subfield code="b">LSN</subfield>
    <subfield code="c">SLR</subfield>
    <subfield code="d">2024-08-09</subfield>
    <subfield code="l">0</subfield>
    <subfield code="o">349 SOU</subfield>
    <subfield code="p">LSN/2023/3607</subfield>
    <subfield code="r">2024-08-09 00:00:00</subfield>
    <subfield code="w">2024-08-09</subfield>
    <subfield code="y">BK</subfield>
  </datafield>
  <datafield tag="952" ind1=" " ind2=" ">
    <subfield code="0">0</subfield>
    <subfield code="1">0</subfield>
    <subfield code="2">ddc</subfield>
    <subfield code="3">Volume 3: 1947-2008</subfield>
    <subfield code="4">0</subfield>
    <subfield code="6">349_000000000000000_SOU</subfield>
    <subfield code="7">0</subfield>
    <subfield code="8">SOUTH AFRICAN LAW REPORTS</subfield>
    <subfield code="9">5170</subfield>
    <subfield code="a">LSN</subfield>
    <subfield code="b">LSN</subfield>
    <subfield code="c">SLR</subfield>
    <subfield code="d">2024-08-09</subfield>
    <subfield code="l">0</subfield>
    <subfield code="o">349 SOU</subfield>
    <subfield code="p">LSN/2023/3608</subfield>
    <subfield code="r">2024-08-09 00:00:00</subfield>
    <subfield code="w">2024-08-09</subfield>
    <subfield code="y">BK</subfield>
  </datafield>
  <datafield tag="952" ind1=" " ind2=" ">
    <subfield code="0">0</subfield>
    <subfield code="1">0</subfield>
    <subfield code="2">ddc</subfield>
    <subfield code="3">Volume 4: 1947-2008</subfield>
    <subfield code="4">0</subfield>
    <subfield code="6">349_000000000000000_SOU</subfield>
    <subfield code="7">0</subfield>
    <subfield code="8">SOUTH AFRICAN LAW REPORTS</subfield>
    <subfield code="9">5171</subfield>
    <subfield code="a">LSN</subfield>
    <subfield code="b">LSN</subfield>
    <subfield code="c">SLR</subfield>
    <subfield code="d">2024-08-09</subfield>
    <subfield code="l">0</subfield>
    <subfield code="o">349 SOU</subfield>
    <subfield code="p">LSN/2023/3609</subfield>
    <subfield code="r">2025-04-07 00:00:00</subfield>
    <subfield code="w">2024-08-09</subfield>
    <subfield code="y">BK</subfield>
  </datafield>
  <datafield tag="952" ind1=" " ind2=" ">
    <subfield code="0">0</subfield>
    <subfield code="1">0</subfield>
    <subfield code="2">ddc</subfield>
    <subfield code="3">Volume 5: 1947-2008</subfield>
    <subfield code="4">0</subfield>
    <subfield code="6">349_000000000000000_SOU</subfield>
    <subfield code="7">0</subfield>
    <subfield code="8">SOUTH AFRICAN LAW REPORTS</subfield>
    <subfield code="9">5172</subfield>
    <subfield code="a">LSN</subfield>
    <subfield code="b">LSN</subfield>
    <subfield code="c">SLR</subfield>
    <subfield code="d">2024-08-09</subfield>
    <subfield code="l">0</subfield>
    <subfield code="o">349 SOU</subfield>
    <subfield code="p">LSN/2023/3610</subfield>
    <subfield code="r">2025-04-07 00:00:00</subfield>
    <subfield code="w">2024-08-09</subfield>
    <subfield code="y">BK</subfield>
  </datafield>
  <datafield tag="952" ind1=" " ind2=" ">
    <subfield code="0">0</subfield>
    <subfield code="1">0</subfield>
    <subfield code="2">ddc</subfield>
    <subfield code="3">Volume 6: 1947-2008</subfield>
    <subfield code="4">0</subfield>
    <subfield code="6">349_000000000000000_SOU</subfield>
    <subfield code="7">0</subfield>
    <subfield code="8">SOUTH AFRICAN LAW REPORTS</subfield>
    <subfield code="9">5173</subfield>
    <subfield code="a">LSN</subfield>
    <subfield code="b">LSN</subfield>
    <subfield code="c">SLR</subfield>
    <subfield code="d">2024-08-09</subfield>
    <subfield code="l">0</subfield>
    <subfield code="o">349 SOU</subfield>
    <subfield code="p">LSN/2023/3611</subfield>
    <subfield code="r">2025-04-07 00:00:00</subfield>
    <subfield code="w">2024-08-09</subfield>
    <subfield code="y">BK</subfield>
  </datafield>
</record>
